Statistiques concernant Culture Générale - Série 732

Cliquez ici pour prendre le quiz!

Statistiques générales

  • Ce quiz a été pris 85 fois
  • Le résultat moyen est 5 sur 10

Statistiques - réponses

QuestionRéponse% Correct
Dans quel film de 1969, Louis de Funès accueille-t-il un parent, miraculeusement sorti des glaces ?Hibernatus
77%
A quelle reine de la pop doit-on l'album "Confession On A Dance Floor" en 2005 ?Madonna
73%
Quel mot anglais désigne à la fois un véhicule tracté par une locomotive et un verre de vin de grande capacité ?wagon
68%
Un des principaux chefs de la première croisade fut : Godefroy de...Bouillon
68%
De quel acteur américain, à l'affiche du film "Minority Report", la petite Suri est-elle la fille ?Tom Cruise
65%
Quel groupe britannique a fait un tube, en 1964, avec le titre : "Can't Buy Me Love" ?Les Beatles
63%
Complétez le titre du roman de François Mauriac, "ThérèseDesqueyroux
42%
Quel grand compositeur a écrit l'opéra "Un Bal masqué", en 1859 ?Giuseppe Verdi
27%
Complétez le titre du film réalisé en 1971 par Sam Peckinpah, "Les chiens de ...paille
15%
Quelle boisson miracle a été rendue célèbre à la télévision par la troupe des Deschiens ?gibolin
10%

Distribution des résultats

Percentile par nombre de réponses

% des personnes avec chaque résultat

Votre développement - résultats

Vous n’avez pas pris ce quiz